000 00455nam a2200181Ia 4500
005 20250423101739.0
008 250422s9999 xx 000 0 und d
020 _a1- 56333- 363- 5
050 _aPS 228 .E76 R69/
100 _aRowe, Michael
245 0 _aWriting below the belt : conversations with erotic authors
260 _aNew York
260 _bMasquerade Books
260 _c1995
300 _a344 p
650 _aLiterature
942 _cBK
999 _c37158
_d37158